00382nmm a22001457a 450000500170000000800410001704100080005808200110006610000290007724500630010626000090016965000150017865000220019365000210021520170210105815.0150728b xxu||||| |||| 00| 0 spa d aspa aMD 111 aAraya Araya, Juan José aInforme de Práctica Supervisada realizado en Dentalmás c2012 aCOSTA RICA aMECÁNICA DENTAL aPORCELANA DENTAL